[Event "48th Continental Open"]
[Site "Sturbridge, MA"]
[Date "2018.08.19"]
[Round "7.3"]
[White "Mulyar, Michael"]
[Black "Vorontsov, Pavlo"]
[Result "0-1"]
[WhiteElo "2374"]
[BlackElo "2578"]
[PlyCount "92"]
[EventDate "2018.08.??"]
[EventType "swiss"]
[EventRounds "9"]
[EventCountry "USA"]
[TimeControl "6000+10"]
[WhiteClock "0:16:31"]
[BlackClock "0:00:04"]

1. d4 {[%emt 0:00:10]} Nf6 {[%emt 0:07:56]} 2. Nf3 {[%emt 0:00:29]} e6 {
[%emt 0:00:54]} 3. c4 {[%emt 0:00:24]} d5 {[%emt 0:00:39]} 4. Bg5 {[%emt 0:00:
37]} h6 {[%emt 0:01:17]} 5. Bxf6 {[%emt 0:00:20]} Qxf6 {[%emt 0:00:30]} 6. Nbd2
{[%emt 0:01:06]} Nc6 {[%emt 0:05:30]} 7. e3 {[%emt 0:01:13]} g5 {[%emt 0:00:13]
} 8. cxd5 {[%emt 0:09:57]} exd5 {[%emt 0:00:33]} 9. Bb5 {[%emt 0:00:19]} Bd6 {
[%emt 0:13:31]} 10. O-O {[%emt 0:06:42]} O-O {[%emt 0:01:27]} 11. Bxc6 {
[%emt 0:06:11]} bxc6 {[%emt 0:00:11]} 12. Nb3 {[%emt 0:07:00]} Bg4 {[%emt 0:07:
50]} 13. Rc1 {[%emt 0:00:48]} Rfb8 {[%emt 0:07:09]} 14. Qe2 {[%emt 0:04:29]} a5
{[%emt 0:04:31]} 15. Nc5 {[%emt 0:02:38]} Bxf3 {[%emt 0:08:43]} 16. gxf3 {
[%emt 0:00:34]} Re8 {[%emt 0:00:25]} 17. Rc2 {[%emt 0:04:38]} h5 {[%emt 0:16:
02]} 18. Nb7 {[%emt 0:02:50]} Bf8 {[%emt 0:05:07]} 19. Rfc1 {[%emt 0:02:00]}
Re6 {[%emt 0:00:22]} 20. Nc5 {[%emt 0:00:48]} Bxc5 {[%emt 0:00:17]} 21. Rxc5 {
[%emt 0:00:16]} Kh8 {[%emt 0:01:24]} 22. Kh1 {[%emt 0:04:30]} a4 {[%emt 0:04:
33]} 23. Rg1 {[%emt 0:03:45]} Rb8 {[%emt 0:03:03]} 24. f4 {[%emt 0:02:47]} g4 {
[%emt 0:01:10]} 25. Qc2 {[%emt 0:01:03]} Rb5 {[%emt 0:06:09]} 26. Rxb5 {
[%emt 0:03:38]} cxb5 {[%emt 0:00:10]} 27. Qxc7 {[%emt 0:00:21]} Rc6 {[%emt 0:
02:26]} 28. Qb8+ {[%emt 0:00:42]} Kh7 {[%emt 0:01:34]} 29. Qxb5 {[%emt 0:00:19]
} Qf5 {[%emt 0:00:19]} 30. Rd1 {[%emt 0:06:53]} Rc2 {[%emt 0:01:02]} 31. Kg1 {
[%emt 0:00:14]} h4 {[%emt 0:00:17]} 32. h3 {[%emt 0:03:46]} gxh3 {[%emt 0:00:
00]} 33. Qd3 {[%emt 0:00:14]} Qxd3 {[%emt 0:00:00]} 34. Rxd3 {[%emt 0:00:15]}
Rxb2 {[%emt 0:00:00]} 35. Ra3 {[%emt 0:00:14]} Kg6 {[%emt 0:00:00]} 36. Kh2 {
[%emt 0:00:15]} Rxf2+ {[%emt 0:00:00]} 37. Kxh3 {[%emt 0:00:15]} Kh5 {[%emt 0:
00:00]} 38. Rxa4 {[%emt 0:00:39]} Rf3+ {[%emt 0:00:00]} 39. Kg2 {[%emt 0:00:15]
} Kg4 {[%emt 0:00:34]} 40. Ra8 {[%emt 0:01:33]} h3+ {[%emt 0:00:00]} 41. Kh2 {
[%emt 0:00:40]} Rxe3 {[%emt 0:00:00]} 42. Rg8+ {[%emt 0:00:39]} Kxf4 {[%emt 0:
00:51]} 43. a4 {[%emt 0:02:12]} Ra3 {[%emt 0:00:00]} 44. a5 {[%emt 0:01:43]} f5
{[%emt 0:00:15]} 45. Re8 {[%emt 0:00:27]} Rxa5 {[%emt 0:00:32]} 46. Kxh3 {
[%emt 0:00:21]} Ra4 {[%emt 0:00:20]} 0-1

[Event "48th Continental Open"]
[Site "Sturbridge, MA"]
[Date "2018.08.19"]
[Round "7.4"]
[White "Corrales Jimenez, Fidel"]
[Black "Isakov, Michael"]
[Result "1-0"]
[WhiteElo "2542"]
[BlackElo "2163"]
[PlyCount "55"]
[EventDate "2018.08.??"]
[EventType "swiss"]
[EventRounds "9"]
[EventCountry "USA"]
[TimeControl "6000+10"]
[WhiteClock "0:43:59"]
[BlackClock "0:19:01"]

1. e4 {[%emt 0:10:30]} c5 {[%emt 0:00:20]} 2. Nf3 {[%emt 0:00:13]} d6 {[%emt 0:
00:10]} 3. d4 {[%emt 0:00:10]} cxd4 {[%emt 0:00:10]} 4. Nxd4 {[%emt 0:00:10]}
Nf6 {[%emt 0:00:10]} 5. Nc3 {[%emt 0:00:10]} a6 {[%emt 0:00:10]} 6. a4 {
[%emt 0:01:36]} e6 {[%emt 0:01:48]} 7. Be2 {[%emt 0:03:28]} Be7 {[%emt 0:00:14]
} 8. O-O {[%emt 0:00:16]} O-O {[%emt 0:00:27]} 9. Be3 {[%emt 0:00:10]} Nc6 {
[%emt 0:03:27]} 10. f4 {[%emt 0:00:10]} Qc7 {[%emt 0:04:15]} 11. Qe1 {[%emt 0:
00:17]} Bd7 {[%emt 0:02:16]} 12. Qg3 {[%emt 0:04:03]} Rfd8 {[%emt 0:08:49]} 13.
Kh1 {[%emt 0:01:34]} Bf8 {[%emt 0:09:43]} 14. f5 {[%emt 0:21:48]} Nxd4 {
[%emt 0:08:35]} 15. Bxd4 {[%emt 0:00:29]} e5 {[%emt 0:02:02]} 16. Be3 {[%emt 0:
00:10]} Bc6 {[%emt 0:02:23]} 17. Bg5 {[%emt 0:00:10]} Nxe4 {[%emt 0:09:26]} 18.
Nxe4 {[%emt 0:03:29]} Bxe4 {[%emt 0:00:10]} 19. Bxd8 {[%emt 0:00:10]} Rxd8 {
[%emt 0:00:11]} 20. c4 {[%emt 0:01:18]} d5 {[%emt 0:06:14]} 21. cxd5 {[%emt 0:
00:17]} Rxd5 {[%emt 0:04:51]} 22. Rac1 {[%emt 0:02:10]} Qd7 {[%emt 0:01:57]}
23. f6 {[%emt 0:03:56]} g6 {[%emt 0:01:29]} 24. Bf3 {[%emt 0:01:53]} Bxf3 {
[%emt 0:05:44]} 25. Qxf3 {[%emt 0:01:07]} Bc5 {[%emt 0:00:53]} 26. Rfd1 {
[%emt 0:00:31]} Rxd1+ {[%emt 0:09:35]} 27. Qxd1 {[%emt 0:00:16]} Bd4 {[%emt 0:
00:10]} 28. Qd2 {[%emt 0:00:10]} 1-0

[Event "48th Continental Open"]
[Site "Sturbridge, MA"]
[Date "2018.08.19"]
[Round "7.5"]
[White "Kumar, Aravind"]
[Black "Otchiyev, Arslan"]
[Result "1/2-1/2"]
[WhiteElo "2169"]
[BlackElo "2333"]
[PlyCount "164"]
[EventDate "2018.08.??"]
[EventType "swiss"]
[EventRounds "9"]
[EventCountry "USA"]
[TimeControl "6000+10"]
[WhiteClock "0:00:06"]
[BlackClock "1:30:01"]

1. d4 {[%emt 0:00:10]} d5 2. c4 {[%emt 0:00:31]} c6 {[%emt 0:00:31]} 3. Nc3 {
[%emt 0:00:15]} Nf6 {[%emt 0:00:11]} 4. e3 {[%emt 0:01:15]} a6 {[%emt 0:00:11]}
5. Qc2 {[%emt 0:02:33]} g6 {[%emt 0:02:56]} 6. Bd3 {[%emt 0:03:53]} Bg7 {
[%emt 0:00:11]} 7. Nf3 {[%emt 0:02:34]} b5 {[%emt 0:00:11]} 8. b3 {[%emt 0:04:
33]} Nbd7 {[%emt 0:00:11]} 9. O-O {[%emt 0:08:10]} O-O {[%emt 0:00:11]} 10. Bb2
{[%emt 0:11:42]} Rb8 {[%emt 0:00:11]} 11. Rac1 {[%emt 0:24:00]} Re8 {[%emt 0:
00:11]} 12. cxd5 {[%emt 0:13:18]} cxd5 {[%emt 0:00:12]} 13. Ne2 {[%emt 0:11:34]
} Bb7 {[%emt 0:00:11]} 14. Qc7 {[%emt 0:05:08]} Nf8 {[%emt 0:00:10]} 15. Nf4 {
[%emt 0:08:39]} Bh6 {[%emt 0:00:10]} 16. g3 {[%emt 0:00:17]} Qxc7 {[%emt 0:00:
11]} 17. Rxc7 {[%emt 0:00:11]} g5 {[%emt 0:00:22]} 18. Ne2 {[%emt 0:00:49]} Ne6
{[%emt 0:00:11]} 19. Rc2 {[%emt 0:00:00]} Rec8 {[%emt 0:00:11]} 20. Rfc1 {
[%emt 0:00:00]} Nd7 {[%emt 0:00:11]} 21. Bf5 {[%emt 0:00:00]} Ndf8 {[%emt 0:00:
11]} 22. Ne5 {[%emt 0:01:21]} Bg7 {[%emt 0:00:10]} 23. Nc6 {[%emt 0:01:58]}
Bxc6 {[%emt 0:00:10]} 24. Rxc6 {[%emt 0:00:11]} Rxc6 {[%emt 0:00:37]} 25. Rxc6
{[%emt 0:00:11]} Ra8 {[%emt 0:00:10]} 26. Nc3 {[%emt 0:00:00]} Nd8 {[%emt 0:00:
11]} 27. Rc8 {[%emt 0:00:00]} Rxc8 {[%emt 0:00:10]} 28. Bxc8 {[%emt 0:00:00]}
e6 {[%emt 0:00:11]} 29. b4 {[%emt 0:00:00]} Nc6 {[%emt 0:00:11]} 30. a3 {
[%emt 0:00:00]} Nb8 {[%emt 0:00:11]} 31. a4 {[%emt 0:00:00]} bxa4 {[%emt 0:00:
10]} 32. Nxa4 {[%emt 0:00:00]} Nfd7 {[%emt 0:02:06]} 33. Ba3 {[%emt 0:00:00]}
Bf8 {[%emt 0:00:11]} 34. Nc5 {[%emt 0:00:00]} Nb6 {[%emt 0:03:12]} 35. Nxa6 {
[%emt 0:00:09]} Nc4 {[%emt 0:00:10]} 36. Nxb8 {[%emt 0:00:42]} Nxa3 {[%emt 0:
00:10]} 37. Na6 {[%emt 0:00:32]} Bd6 {[%emt 0:00:10]} 38. Nc5 {[%emt 0:00:46]}
Kf8 {[%emt 0:00:10]} 39. Ba6 {[%emt 0:00:30]} Ke7 {[%emt 0:00:10]} 40. Bd3 {
[%emt 0:00:35]} h6 {[%emt 0:00:10]} 41. Kf1 {[%emt 0:00:00]} e5 {[%emt 0:00:10]
} 42. Ke2 {[%emt 0:00:00]} e4 {[%emt 0:00:10]} 43. Ba6 {[%emt 0:00:09]} Nc2 {
[%emt 0:00:10]} 44. b5 {[%emt 0:00:42]} Bc7 {[%emt 0:00:10]} 45. Bb7 {[%emt 0:
00:00]} Kd6 {[%emt 0:00:10]} 46. Bc6 {[%emt 0:00:00]} Na3 {[%emt 0:00:12]} 47.
f3 {[%emt 0:00:00]} exf3+ {[%emt 0:00:10]} 48. Kxf3 {[%emt 0:00:00]} Nc4 {
[%emt 0:00:10]} 49. Be8 {[%emt 0:00:33]} Ke7 {[%emt 0:00:13]} 50. Bc6 {[%emt 0:
00:12]} Kd6 {[%emt 0:00:10]} 51. Ke2 {[%emt 0:00:10]} Na5 {[%emt 0:00:10]} 52.
Nb7+ {[%emt 0:00:00]} Nxb7 {[%emt 0:00:10]} 53. Bxb7 {[%emt 0:00:06]} Ba5 {
[%emt 0:00:10]} 54. Bc8 {[%emt 0:00:04]} Kc7 {[%emt 0:00:10]} 55. Bg4 {[%emt 0:
00:38]} Kd6 {[%emt 0:00:10]} 56. Kd3 {[%emt 0:00:02]} Bb6 {[%emt 0:00:10]} 57.
Bc8 {[%emt 0:00:03]} Kc7 {[%emt 0:00:12]} 58. Bf5 {[%emt 0:00:15]} Kd6 {
[%emt 0:00:11]} 59. Bg4 {[%emt 0:00:20]} Ba5 {[%emt 0:00:10]} 60. e4 {[%emt 0:
00:12]} dxe4+ {[%emt 0:00:10]} 61. Kxe4 {[%emt 0:00:10]} Bb6 {[%emt 0:00:30]}
62. Bh5 {[%emt 0:00:00]} f5+ {[%emt 0:00:10]} 63. Kxf5 {[%emt 0:00:05]} Bxd4 {
[%emt 0:00:10]} 64. Kg6 {[%emt 0:00:24]} Bg1 {[%emt 0:00:11]} 65. h3 {[%emt 0:
00:00]} Ke7 {[%emt 0:00:10]} 66. Kxh6 {[%emt 0:00:00]} Kf6 {[%emt 0:00:10]} 67.
Bf3 {[%emt 0:00:00]} Bf2 {[%emt 0:00:12]} 68. h4 {[%emt 0:00:00]} gxh4 {
[%emt 0:00:10]} 69. g4 {[%emt 0:00:00]} Be3+ {[%emt 0:00:10]} 70. Kh5 {[%emt 0:
00:00]} h3 {[%emt 0:00:10]} 71. Kh4 {[%emt 0:01:05]} h2 {[%emt 0:00:10]} 72.
Kg3 {[%emt 0:00:10]} Bg1 {[%emt 0:00:10]} 73. Kf4 {[%emt 0:00:11]} Bc5 {
[%emt 0:00:51]} 74. g5+ {[%emt 0:00:18]} Kg7 {[%emt 0:00:10]} 75. Kf5 {[%emt 0:
00:00]} Be3 {[%emt 0:00:11]} 76. Be4 {[%emt 0:00:21]} Bd4 {[%emt 0:00:10]} 77.
Ke6 {[%emt 0:00:11]} Be3 {[%emt 0:00:10]} 78. Kf5 {[%emt 0:00:04]} Bd4 {
[%emt 0:00:10]} 79. Bf3 {[%emt 0:00:17]} Be3 {[%emt 0:00:10]} 80. Bc6 {[%emt 0:
00:08]} Bd4 {[%emt 0:00:10]} 81. Kg4 {[%emt 0:00:01]} Be3 {[%emt 0:00:11]} 82.
Kf5 {[%emt 0:00:16]} Bd4 {[%emt 0:00:10]} 1/2-1/2

[Event "48th Continental Open"]
[Site "Sturbridge, MA"]
[Date "2018.08.19"]
[Round "7.7"]
[White "Kim, Yoon-Young"]
[Black "Barash, Anton"]
[Result "0-1"]
[WhiteElo "2360"]
[BlackElo "1972"]
[PlyCount "111"]
[EventDate "2018.08.??"]
[EventType "swiss"]
[EventRounds "9"]
[EventCountry "USA"]
[TimeControl "6000+10"]
[WhiteClock "0:00:21"]
[BlackClock "0:02:33"]

1. d4 {[%emt 0:00:10]} d5 {[%emt 0:00:20]} 2. c4 {[%emt 0:00:13]} e6 {[%emt 0:
00:11]} 3. Nf3 {[%emt 0:00:11]} Nf6 {[%emt 0:00:10]} 4. g3 {[%emt 0:00:10]}
dxc4 {[%emt 0:00:12]} 5. Bg2 {[%emt 0:00:11]} Nc6 {[%emt 0:00:11]} 6. Qa4 {
[%emt 0:00:11]} Bb4+ {[%emt 0:00:11]} 7. Bd2 {[%emt 0:00:10]} Nd5 {[%emt 0:00:
11]} 8. Bxb4 {[%emt 0:00:52]} Ndxb4 {[%emt 0:00:14]} 9. O-O {[%emt 0:00:23]} a6
{[%emt 0:07:50]} 10. Ne5 {[%emt 0:03:19]} O-O {[%emt 0:00:28]} 11. Nxc6 {
[%emt 0:00:59]} Nxc6 {[%emt 0:00:18]} 12. Bxc6 {[%emt 0:00:21]} bxc6 {[%emt 0:
00:13]} 13. Qxc4 {[%emt 0:00:29]} Rb8 {[%emt 0:00:46]} 14. b3 {[%emt 0:09:46]}
Qd6 {[%emt 0:04:06]} 15. Nc3 {[%emt 0:11:37]} Rb4 {[%emt 0:01:57]} 16. Ne4 {
[%emt 0:00:12]} Qxd4 {[%emt 0:01:53]} 17. Qxd4 {[%emt 0:00:12]} Rxd4 {[%emt 0:
00:13]} 18. Nc5 {[%emt 0:04:10]} Rd2 {[%emt 0:07:45]} 19. Rfe1 {[%emt 0:02:46]}
Rfd8 {[%emt 0:02:11]} 20. a4 {[%emt 0:03:42]} Kf8 {[%emt 0:11:20]} 21. Rac1 {
[%emt 0:01:44]} a5 {[%emt 0:25:49]} 22. f4 {[%emt 0:02:14]} Rb2 {[%emt 0:06:21]
} 23. Kf2 {[%emt 0:03:41]} Rdd2 {[%emt 0:02:03]} 24. Ke3 {[%emt 0:02:51]} e5 {
[%emt 0:07:25]} 25. Nd3 {[%emt 0:02:30]} exf4+ {[%emt 0:00:21]} 26. gxf4 {
[%emt 0:00:14]} Rbc2 {[%emt 0:00:21]} 27. Rxc2 {[%emt 0:02:17]} Rxc2 {[%emt 0:
00:13]} 28. Rc1 {[%emt 0:01:28]} Rxc1 {[%emt 0:00:43]} 29. Nxc1 {[%emt 0:00:19]
} Ke7 {[%emt 0:00:35]} 30. Kd4 {[%emt 0:00:30]} Kd6 {[%emt 0:00:44]} 31. Nd3 {
[%emt 0:01:17]} Ba6 {[%emt 0:02:55]} 32. Nc5 {[%emt 0:01:20]} Bxe2 {[%emt 0:01:
03]} 33. Nb7+ {[%emt 0:00:28]} Kd7 {[%emt 0:00:10]} 34. Nxa5 {[%emt 0:00:44]}
f6 {[%emt 0:07:24]} 35. Nb7 {[%emt 0:02:39]} g5 {[%emt 0:07:34]} 36. Nc5+ {
[%emt 0:00:47]} Kc8 {[%emt 0:00:10]} 37. Ke4 {[%emt 0:12:33]} g4 {[%emt 0:01:
10]} 38. Ke3 {[%emt 0:04:59]} Bd1 {[%emt 0:00:45]} 39. Kf2 {[%emt 0:06:17]} f5
{[%emt 0:00:00]} 40. Kg3 {[%emt 0:00:19]} Kb8 {[%emt 0:00:00]} 41. Kh4 {
[%emt 0:00:21]} Ka7 {[%emt 0:00:18]} 42. a5 {[%emt 0:05:14]} h6 {[%emt 0:00:25]
} 43. b4 {[%emt 0:00:25]} Be2 {[%emt 0:00:00]} 44. Ne6 {[%emt 0:01:59]} Bc4 {
[%emt 0:00:00]} 45. Nd4 {[%emt 0:03:42]} Ka6 {[%emt 0:00:25]} 46. Nxf5 {
[%emt 0:03:48]} Kb5 {[%emt 0:00:00]} 47. Nxh6 {[%emt 0:00:00]} Kxb4 {[%emt 0:
00:16]} 48. f5 {[%emt 0:00:00]} Kxa5 {[%emt 0:00:00]} 49. f6 {[%emt 0:00:00]}
c5 {[%emt 0:00:00]} 50. f7 {[%emt 0:02:58]} Bxf7 {[%emt 0:00:00]} 51. Nxf7 {
[%emt 0:00:12]} Kb4 {[%emt 0:00:00]} 52. Kxg4 {[%emt 0:00:22]} c4 {[%emt 0:00:
00]} 53. Kf3 {[%emt 0:00:08]} c3 {[%emt 0:00:00]} 54. Ke2 {[%emt 0:00:00]} Kb3
{[%emt 0:01:11]} 55. Ne5 {[%emt 0:00:10]} c5 {[%emt 0:00:00]} 56. Kd1 {[%emt 0:
00:25]} 0-1

[Event "48th Continental Open"]
[Site "Sturbridge, MA"]
[Date "2018.08.19"]
[Round "7.8"]
[White "Bader, Jeremy"]
[Black "Mishra, Abhimanyu"]
[Result "0-1"]
[WhiteElo "1845"]
[BlackElo "2166"]
[PlyCount "80"]
[EventDate "2018.08.??"]
[EventType "swiss"]
[EventRounds "9"]
[EventCountry "USA"]
[TimeControl "6000+10"]
[WhiteClock "0:00:06"]
[BlackClock "0:20:13"]

1. e4 {[%emt 0:00:10]} c5 {[%emt 0:00:21]} 2. Nf3 {[%emt 0:00:14]} e6 {[%emt 0:
00:13]} 3. d4 {[%emt 0:00:17]} cxd4 {[%emt 0:00:12]} 4. Nxd4 {[%emt 0:00:17]}
Nc6 {[%emt 0:00:21]} 5. Nc3 {[%emt 0:01:02]} Qc7 {[%emt 0:00:12]} 6. Ndb5 {
[%emt 0:02:36]} Qb8 {[%emt 0:00:11]} 7. Be3 {[%emt 0:00:31]} a6 {[%emt 0:00:19]
} 8. Bb6 {[%emt 0:01:14]} axb5 {[%emt 0:00:10]} 9. Nxb5 {[%emt 0:00:15]} Bb4+ {
[%emt 0:00:12]} 10. c3 {[%emt 0:00:36]} Ba5 {[%emt 0:00:10]} 11. Nc7+ {[%emt 0:
00:41]} Qxc7 {[%emt 0:00:11]} 12. Bxc7 {[%emt 0:00:14]} Bxc7 {[%emt 0:00:10]}
13. Bb5 {[%emt 0:08:56]} Nge7 {[%emt 0:03:14]} 14. O-O {[%emt 0:01:55]} O-O {
[%emt 0:04:44]} 15. Qe2 {[%emt 0:06:33]} f5 {[%emt 0:08:09]} 16. f3 {[%emt 0:
07:16]} f4 {[%emt 0:10:47]} 17. Rfd1 {[%emt 0:04:00]} Ne5 {[%emt 0:06:29]} 18.
Qf2 {[%emt 0:11:36]} d6 {[%emt 0:11:00]} 19. c4 {[%emt 0:07:41]} Bd7 {[%emt 0:
05:46]} 20. Bxd7 {[%emt 0:04:17]} Nxd7 {[%emt 0:00:10]} 21. Kh1 {[%emt 0:02:50]
} Nc6 {[%emt 0:01:48]} 22. b4 {[%emt 0:05:28]} Nxb4 {[%emt 0:08:40]} 23. Qb2 {
[%emt 0:04:32]} Na6 {[%emt 0:00:37]} 24. Qxb7 {[%emt 0:08:06]} Rfb8 {[%emt 0:
00:28]} 25. Qc6 Ne5 {[%emt 0:00:12]} 26. Qa4 {[%emt 0:00:47]} Nb4 {[%emt 0:00:
46]} 27. Qb3 {[%emt 0:00:43]} Nbd3 {[%emt 0:00:31]} 28. Rxd3 {[%emt 0:11:32]}
Rxb3 {[%emt 0:00:16]} 29. Rxb3 {[%emt 0:00:15]} Nxc4 {[%emt 0:01:29]} 30. g3 {
[%emt 0:01:16]} d5 {[%emt 0:04:44]} 31. exd5 {[%emt 0:01:10]} exd5 {[%emt 0:00:
13]} 32. Kg2 {[%emt 0:01:59]} Be5 {[%emt 0:01:30]} 33. Rc1 {[%emt 0:02:16]}
Rxa2+ {[%emt 0:01:16]} 34. Kh3 {[%emt 0:00:18]} Ra6 {[%emt 0:03:53]} 35. Rb7 {
[%emt 0:04:14]} Rg6 {[%emt 0:04:13]} 36. g4 {[%emt 0:00:00]} h5 {[%emt 0:01:11]
} 37. gxh5 {[%emt 0:00:15]} Rg5 {[%emt 0:00:39]} 38. Rd7 {[%emt 0:00:00]} Ne3 {
[%emt 0:00:35]} 39. Kh4 {[%emt 0:00:19]} Bf6 {[%emt 0:00:25]} 40. Rc8+ {
[%emt 0:00:13]} Kh7 {[%emt 0:00:10]} 0-1

[Event "48th Continental Open"]
[Site "Sturbridge, MA"]
[Date "2018.08.19"]
[Round "7.9"]
[White "Shanmugasundaram, Coimbatore"]
[Black "Luo, Terry"]
[Result "1-0"]
[WhiteElo "2147"]
[BlackElo "1793"]
[PlyCount "85"]
[EventDate "2018.08.??"]
[EventType "swiss"]
[EventRounds "9"]
[EventCountry "USA"]
[TimeControl "6000+10"]
[WhiteClock "0:07:23"]
[BlackClock "0:07:20"]

1. c4 {[%emt 0:00:10]} g6 2. Nc3 {[%emt 0:00:28]} Bg7 {[%emt 0:00:38]} 3. g3 {
[%emt 0:00:10]} Nf6 {[%emt 0:00:15]} 4. Bg2 {[%emt 0:00:14]} O-O {[%emt 0:00:
15]} 5. Nf3 {[%emt 0:00:18]} d6 {[%emt 0:00:44]} 6. O-O {[%emt 0:00:15]} c5 {
[%emt 0:01:29]} 7. a3 {[%emt 0:03:02]} Nc6 {[%emt 0:01:09]} 8. Rb1 {[%emt 0:00:
16]} a5 {[%emt 0:02:08]} 9. d3 {[%emt 0:02:17]} Bg4 {[%emt 0:03:38]} 10. h3 {
[%emt 0:05:24]} Bxf3 {[%emt 0:00:17]} 11. Bxf3 {[%emt 0:00:10]} Nd7 {[%emt 0:
09:04]} 12. Nb5 {[%emt 0:01:58]} Qb6 {[%emt 0:20:54]} 13. Bd2 {[%emt 0:06:29]}
Rfb8 {[%emt 0:03:07]} 14. b4 {[%emt 0:02:06]} axb4 {[%emt 0:00:38]} 15. axb4 {
[%emt 0:00:10]} cxb4 {[%emt 0:00:49]} 16. Bxb4 {[%emt 0:02:19]} Nxb4 {[%emt 0:
03:40]} 17. Rxb4 {[%emt 0:00:24]} Ne5 {[%emt 0:01:51]} 18. Bg2 {[%emt 0:01:34]}
Nc6 {[%emt 0:00:12]} 19. Rb1 {[%emt 0:00:11]} Qa5 {[%emt 0:02:06]} 20. e3 {
[%emt 0:04:49]} h5 {[%emt 0:09:51]} 21. d4 {[%emt 0:03:43]} Qa2 {[%emt 0:02:21]
} 22. Nc7 {[%emt 0:03:27]} Ra7 {[%emt 0:06:15]} 23. Bxc6 {[%emt 0:02:52]} Rc8 {
[%emt 0:00:19]} 24. Nb5 {[%emt 0:00:46]} bxc6 {[%emt 0:00:19]} 25. Nxa7 {
[%emt 0:00:15]} Qxa7 {[%emt 0:00:13]} 26. Qb3 {[%emt 0:03:21]} c5 {[%emt 0:00:
54]} 27. d5 {[%emt 0:00:43]} Qd7 {[%emt 0:01:06]} 28. h4 {[%emt 0:03:33]} Bf6 {
[%emt 0:00:39]} 29. Qd1 {[%emt 0:03:00]} Qf5 {[%emt 0:01:08]} 30. Qe2 {[%emt 0:
03:44]} Ra8 {[%emt 0:00:51]} 31. Rfc1 {[%emt 0:03:33]} Kg7 {[%emt 0:01:25]} 32.
e4 {[%emt 0:07:41]} Qh3 {[%emt 0:01:01]} 33. Rd1 {[%emt 0:10:51]} Ra3 {[%emt 0:
03:05]} 34. Rd3 {[%emt 0:00:19]} Rxd3 {[%emt 0:01:10]} 35. Qxd3 {[%emt 0:02:07]
} Bxh4 {[%emt 0:00:11]} 36. Qf1 {[%emt 0:06:02]} Qg4 {[%emt 0:01:25]} 37. Qd1 {
[%emt 0:00:17]} Qxd1+ {[%emt 0:00:25]} 38. Rxd1 {[%emt 0:00:10]} Bf6 {[%emt 0:
00:18]} 39. Kg2 {[%emt 0:01:49]} Bd4 {[%emt 0:08:17]} 40. Rb1 {[%emt 0:01:56]}
Kf6 {[%emt 0:00:43]} 41. Rb7 {[%emt 0:04:57]} e6 {[%emt 0:04:48]} 42. f4 {
[%emt 0:01:46]} e5 {[%emt 0:00:12]} 43. Rd7 {[%emt 0:00:11]} 1-0

[Event "48th Continental Open"]
[Site "Sturbridge, MA"]
[Date "2018.08.19"]
[Round "7.10"]
[White "Genger, Eitan"]
[Black "Tanenbaum, Zachary"]
[Result "1/2-1/2"]
[WhiteElo "1903"]
[BlackElo "2133"]
[PlyCount "93"]
[EventDate "2018.08.??"]
[EventType "swiss"]
[EventRounds "9"]
[EventCountry "USA"]
[TimeControl "6000+10"]
[WhiteClock "0:00:31"]
[BlackClock "0:00:03"]

1. Nf3 {[%emt 0:00:10]} d5 {[%emt 0:03:54]} 2. d4 {[%emt 0:00:18]} Bf5 {
[%emt 0:00:21]} 3. c4 {[%emt 0:01:34]} e6 {[%emt 0:00:25]} 4. g3 {[%emt 0:00:
52]} c6 {[%emt 0:00:57]} 5. Bg2 {[%emt 0:00:45]} Nd7 {[%emt 0:01:06]} 6. Nbd2 {
[%emt 0:00:59]} Ngf6 {[%emt 0:01:14]} 7. O-O {[%emt 0:00:40]} Be7 {[%emt 0:10:
19]} 8. b3 {[%emt 0:01:47]} O-O {[%emt 0:01:32]} 9. Bb2 {[%emt 0:03:33]} Ne4 {
[%emt 0:03:37]} 10. Ne1 {[%emt 0:06:26]} Nxd2 {[%emt 0:20:26]} 11. Qxd2 {
[%emt 0:00:10]} Bf6 {[%emt 0:06:11]} 12. f3 {[%emt 0:04:32]} Bg6 {[%emt 0:20:
06]} 13. e4 {[%emt 0:02:00]} dxe4 {[%emt 0:04:04]} 14. fxe4 {[%emt 0:00:27]} e5
{[%emt 0:07:24]} 15. d5 {[%emt 0:04:13]} Bg5 {[%emt 0:05:13]} 16. Qe2 {[%emt 0:
11:09]} cxd5 {[%emt 0:02:39]} 17. cxd5 {[%emt 0:16:47]} Qb6+ {[%emt 0:04:28]}
18. Kh1 {[%emt 0:00:10]} Be3 {[%emt 0:03:07]} 19. Nc2 {[%emt 0:05:59]} Bc5 {
[%emt 0:00:31]} 20. Na3 {[%emt 0:05:01]} Rfe8 {[%emt 0:01:34]} 21. Nc4 {
[%emt 0:00:59]} Qa6 {[%emt 0:00:48]} 22. Qe1 {[%emt 0:02:58]} Bd4 {[%emt 0:03:
25]} 23. Qd2 {[%emt 0:08:00]} Nc5 {[%emt 0:00:00]} 24. Bxd4 {[%emt 0:04:10]}
Nxe4 {[%emt 0:00:41]} 25. Qb2 {[%emt 0:00:34]} exd4 {[%emt 0:00:11]} 26. Qxd4 {
[%emt 0:00:17]} Nd6 {[%emt 0:00:00]} 27. Ne5 {[%emt 0:06:26]} Nf5 {[%emt 0:00:
10]} 28. Qf4 {[%emt 0:00:57]} Qd6 {[%emt 0:00:13]} 29. Nxg6 {[%emt 0:01:34]}
hxg6 {[%emt 0:00:15]} 30. Qxd6 {[%emt 0:01:19]} Nxd6 {[%emt 0:00:10]} 31. Bf3 {
[%emt 0:02:18]} Re7 {[%emt 0:00:12]} 32. Kg2 {[%emt 0:02:11]} Rc8 {[%emt 0:00:
09]} 33. Rac1 {[%emt 0:00:40]} Rec7 {[%emt 0:00:00]} 34. Rxc7 {[%emt 0:00:11]}
Rxc7 {[%emt 0:00:00]} 35. Rf2 {[%emt 0:00:28]} Kf8 {[%emt 0:00:31]} 36. Rd2 {
[%emt 0:00:55]} Ke7 {[%emt 0:00:00]} 37. Re2+ {[%emt 0:01:10]} Kd8 {[%emt 0:00:
12]} 38. Kf2 {[%emt 0:00:43]} Rc3 {[%emt 0:00:00]} 39. Re3 {[%emt 0:01:43]}
Rc2+ {[%emt 0:00:00]} 40. Re2 {[%emt 0:00:10]} Rxe2+ {[%emt 0:00:00]} 41. Kxe2
{[%emt 0:00:10]} Kd7 {[%emt 0:00:00]} 42. Kd3 {[%emt 0:00:50]} Ne8 {[%emt 0:00:
00]} 43. Kd4 {[%emt 0:00:02]} Kd6 {[%emt 0:00:00]} 44. Bg2 {[%emt 0:00:00]} Nf6
{[%emt 0:01:24]} 45. Bf3 {[%emt 0:00:00]} Nd7 {[%emt 0:00:00]} 46. Bg2 {
[%emt 0:00:00]} Ne5 {[%emt 0:00:18]} 47. h4 {[%emt 0:01:02]} 1/2-1/2